सुनहरी छटा / (Record no. 211600)

MARC details
000 -LEADER
fixed length control field 00924nam a22001937a 4500
005 - DATE AND TIME OF LATEST TRANSACTION
control field 20250604154510.0
010 ## - LCCN (DPL NO)
LC control number HIN-129768
020 ## - INTERNATIONAL STANDARD BOOK NUMBER
International Standard Book Number 9789384741440
Terms of availability 500.00
035 ## - SYSTEM CONTROL NUMBER
System control number HN-102114
037 ## - SOURCE OF ACQUISITION
Source of stock number/acquisition DBAD
082 ## - DEWEY DECIMAL CLASSIFICATION NUMBER
Classification number 821
100 ## - MAIN ENTRY--PERSONAL NAME
Personal name भारद्वाज,कौशल्या
245 ## - TITLE STATEMENT
Title सुनहरी छटा /
Statement of responsibility, etc कौशल्या भारद्वाज
Remainder of title (काव्य संकलन )
250 ## - EDITION STATEMENT
Edition statement प्रथम
260 ## - PUBLICATION, DISTRIBUTION, ETC. (IMPRINT)
Place of publication, distribution, etc नई दिल्ली
Name of publisher, distributor, etc भारद्वाज पब्लिशिंग हाउस
Date of publication, distribution, etc 20222
270 ## - ADDRESS
Address एल.45 ,गली नं 5 करतार नगर ,RZ 40 A बिन्दापुर मटियाला रोड़,उतम नगर
City नई दिल्ली
Postal code 110059
300 ## - PHYSICAL DESCRIPTION
Extent 107 पृ.
Dimensions 21 सेमी (सजिल्द )
942 ## - ADDED ENTRY ELEMENTS (KOHA)
Source of classification or shelving scheme Dewey Decimal Classification
Item type Hindi Books
Classification part 821
Call number prefix
Call number suffix भारद्वा
Holdings
Withdrawn status Lost status Not for loan Collection code Home library Current library Date acquired Source of acquisition Full call number Barcode Copy number Koha item type
    Not For Loan Non-fiction D.B.Act.Division D.B.Act.Division 04/06/2025 DBAD 821 भारद्वा HN-102114 1 Hindi Books

© Delhi Public Library
Hit Counter
free hit counter